[Event "19th IPCA WCC 2019"]
[Site "Ruzomberok"]
[Date "2019.07.05"]
[Round "8.1"]
[White "Tebenkov, Vladislav"]
[Black "Yarmonov, Igor"]
[Result "0-1"]
[WhiteElo "2096"]
[BlackElo "2389"]
[Annotator "NA"]
[PlyCount "164"]
[EventDate "2019.06.28"]
[EventType "swiss"]
[EventCountry "SVK"]
[SourceTitle "playchess.com"]
[Source "ChessBase"]
[SourceQuality "1"]
[TimeControl "5400+30"]

1. e4 {[%emt 0:00:00]} c6 {[%emt 0:00:00]} 2. d4 {[%emt 0:00:00]} d5 {[%emt 0:00:00]} 3. Nc3 {[%emt 0:00:00]} dxe4 {[%emt 0:00:01]} 4. Nxe4 {[%emt 0:00:00]} Bf5 {[%emt 0:00:30]} 5. Ng3 {[%emt 0:00:00]} Bg6 {[%emt 0:00:05]} 6. Nh3 {[%emt 0:00:11]} e6 {[%emt 0:01:15]} 7. Nf4 {[%emt 0:00:09]} Bd6 {[%emt 0:00:28]} 8. h4 {[%emt 0:00:21]} Qc7 {[%emt 0:00:31]} 9. Nxg6 {[%emt 0:00:23]} hxg6 {[%emt 0:00:05]} 10. Ne4 {[%emt 0:00:06]} Bf4 {[%emt 0:03:42]} 11. Bxf4 {[%emt 0:00:14]} Qxf4 {[%emt 0:00:18]} 12. Ng5 {[%emt 0:00:40]} Nd7 {[%emt 0:05:41]} 13. g3 {[%emt 0:00:43]} Qd6 {[%emt 0:02:24]} 14. Qd2 {[%emt 0:13:50]} Nh6 {[%emt 0:13:18]} 15. Bg2 {[%emt 0:05:28]} Nf6 {[%emt 0:04:39]} 16. O-O-O {[%emt 0:04:38]} O-O-O {[%emt 0:04:41]} 17. Qa5 {[%emt 0:05:41]} Kb8 {[%emt 0:00:14]} 18. Rd3 {[%emt 0:01:09]} Qc7 {[%emt 0:01:08]} 19. Qxc7+ {[%emt 0:05:35]} Kxc7 {[%emt 0:00:04]} 20. Rhd1 {[%emt 0:00:20]} Rd7 {[%emt 0:03:41]} 21. c3 {[%emt 0:02:13]} Rhd8 {[%emt 0:00:44]} 22. Kc2 Nf5 {[%emt 0:05:31]} 23. Ne4 {[%emt 0:09:36]} Nxe4 {[%emt 0:02:49]} 24. Bxe4 {[%emt 0:00:04]} Rh8 {[%emt 0:01:57]} 25. Bxf5 {[%emt 0:02:20]} gxf5 {[%emt 0:00:05]} 26. f4 {[%emt 0:00:36]} Kd6 {[%emt 0:00:42]} 27. Kd2 {[%emt 0:02:47]} Rdd8 {[%emt 0:00:58]} 28. Ke3 {[%emt 0:03:32]} f6 29. Kf3 {[%emt 0:04:43]} g5 {[%emt 0:04:57]} 30. hxg5 {[%emt 0:01:23]} fxg5 {[%emt 0:00:03]} 31. fxg5 {[%emt 0:01:42]} Rdg8 {[%emt 0:00:06]} 32. Re1 {[%emt 0:02:58]} Rxg5 {[%emt 0:00:15]} 33. Rde3 {[%emt 0:00:58]} Rg6 {[%emt 0:00:12]} 34. b3 {[%emt 0:04:49]} Rh3 {[%emt 0:02:18]} 35. Kg2 {[%emt 0:00:51]} Rh5 {[%emt 0:00:08]} 36. Rh1 {[%emt 0:01:47]} Rxh1 {[%emt 0:00:47]} 37. Kxh1 {[%emt 0:00:03]} c5 {[%emt 0:00:02]} 38. Rd3 cxd4 {[%emt 0:13:39]} 39. Rxd4+ {[%emt 0:02:41]} Ke7 {[%emt 0:01:51]} 40. Kg2 {[%emt 0:01:51]} e5 {[%emt 0:00:31]} 41. Rb4 {[%emt 0:00:16]} b6 {[%emt 0:00:12]} 42. Kf3 {[%emt 0:00:35]} e4+ {[%emt 0:11:20]} 43. Kf2 {[%emt 0:00:28]} Kf6 {[%emt 0:00:03]} 44. Rc4 {[%emt 0:02:44]} Rg7 {[%emt 0:03:09]} 45. Rc6+ {[%emt 0:01:25]} Kg5 {[%emt 0:00:05]} 46. Rc8 {[%emt 0:00:42]} Kg4 {[%emt 0:05:45]} 47. Re8 {[%emt 0:01:11]} b5 48. c4 {[%emt 0:01:07]} bxc4 {[%emt 0:02:45]} 49. bxc4 {[%emt 0:00:02]} Kg5 {[%emt 0:00:28]} 50. Rc8 {[%emt 0:01:50]} Rd7 {[%emt 0:00:30]} 51. c5 {[%emt 0:01:42]} Rd2+ {[%emt 0:00:50]} 52. Ke3 {[%emt 0:00:34]} Rd3+ {[%emt 0:00:31]} 53. Kf2 {[%emt 0:00:39]} Rf3+ {[%emt 0:01:38]} 54. Kg2 {[%emt 0:00:18]} Rc3 {[%emt 0:02:42]} 55. c6 {[%emt 0:00:37]} Kf6 {[%emt 0:00:33]} 56. Kf2 {[%emt 0:05:45]} Ke7 {[%emt 0:00:21]} 57. Rc7+ {[%emt 0:00:31]} Ke6 {[%emt 0:00:55]} 58. Rxa7 {[%emt 0:01:08]} Rxc6 {[%emt 0:00:04]} 59. a4 {[%emt 0:02:21]} Ke5 {[%emt 0:01:34]} 60. Re7+ {[%emt 0:01:37]} Kf6 {[%emt 0:00:10]} 61. Ra7 {[%emt 0:00:22]} Rc2+ {[%emt 0:00:09]} 62. Kf1 {[%emt 0:02:05]} Ra2 {[%emt 0:00:29]} 63. a5 {[%emt 0:00:19]} Kg5 {[%emt 0:00:07]} 64. Rg7+ {[%emt 0:00:16]} Kh6 {[%emt 0:00:27]} 65. Ra7 {[%emt 0:02:19]} Kh5 {[%emt 0:00:24]} 66. Rg7 {[%emt 0:00:45]} Rxa5 {[%emt 0:00:41]} 67. Kf2 {[%emt 0:00:38]} Ra6 {[%emt 0:01:50]} 68. Rg8 {[%emt 0:00:53]} Rg6 {[%emt 0:00:30]} 69. Rh8+ {[%emt 0:01:52]} Kg5 {[%emt 0:00:32]} 70. Ke3 {[%emt 0:00:27]} Ra6 {[%emt 0:01:30]} 71. Rg8+ {[%emt 0:00:20]} Kf6 {[%emt 0:00:40]} 72. Rf8+ {[%emt 0:00:52]} Ke6 {[%emt 0:00:29]} 73. Re8+ {[%emt 0:03:22]} Kf7 {[%emt 0:00:07]} 74. Re5 {[%emt 0:00:10]} Ra3+ {[%emt 0:03:30]} 75. Kf2 {[%emt 0:00:04]} Kf6 {[%emt 0:00:22]} 76. Re8 {[%emt 0:00:06]} Ra2+ {[%emt 0:00:50]} 77. Ke3 {[%emt 0:00:23]} Rg2 {[%emt 0:00:25]} 78. Rg8 {[%emt 0:00:16]} Kf7 {[%emt 0:00:46]} 79. Rg5 {[%emt 0:00:10]} Ke6 {[%emt 0:00:04]} 80. Rg6+ {[%emt 0:00:19]} Ke5 {[%emt 0:00:07]} 81. Rg8 {[%emt 0:00:40]} Rxg3+ {[%emt 0:00:21]} 82. Rxg3 {[%emt 0:00:03]} f4+ {[%emt 0:00:03] Kd4+} 0-1

[Event "19th IPCA WCC 2019"]
[Site "Ruzomberok"]
[Date "2019.07.05"]
[Round "8.2"]
[White "Gedgafov, Chamal"]
[Black "Mukha, Nikolay"]
[Result "0-1"]
[WhiteElo "2163"]
[BlackElo "2159"]
[Annotator "NA"]
[PlyCount "162"]
[EventDate "2019.06.28"]
[EventType "swiss"]
[EventCountry "SVK"]
[SourceTitle "playchess.com"]
[Source "ChessBase"]
[SourceQuality "1"]
[TimeControl "5400+30"]

1. c4 {[%emt 0:00:00]} Nf6 {[%emt 0:00:00]} 2. Nc3 {[%emt 0:00:00]} g6 {[%emt 0:00:20]} 3. g3 {[%emt 0:00:00]} Bg7 {[%emt 0:00:52]} 4. Bg2 {[%emt 0:00:17]} O-O {[%emt 0:00:13]} 5. e4 {[%emt 0:00:23]} d6 {[%emt 0:00:16]} 6. Nge2 {[%emt 0:00:23]} c5 {[%emt 0:00:34]} 7. O-O {[%emt 0:00:21]} Nc6 {[%emt 0:00:04]} 8. d3 {[%emt 0:00:14]} Ne8 {[%emt 0:04:16]} 9. Be3 {[%emt 0:02:27]} Nd4 {[%emt 0:00:27]} 10. Qd2 {[%emt 0:00:47]} Bg4 {[%emt 0:03:11]} 11. f3 {[%emt 0:00:23]} Bd7 {[%emt 0:00:45]} 12. h3 {[%emt 0:00:20]} a6 {[%emt 0:03:47]} 13. Rac1 {[%emt 0:04:01]} b5 {[%emt 0:00:46]} 14. Kh2 {[%emt 0:00:59]} b4 {[%emt 0:08:00]} 15. Nd5 {[%emt 0:01:38]} Nxe2 {[%emt 0:02:58]} 16. Qxe2 {[%emt 0:00:19]} e6 {[%emt 0:00:05]} 17. Nf4 {[%emt 0:00:27]} a5 {[%emt 0:00:51]} 18. Qd2 {[%emt 0:02:38]} Nc7 {[%emt 0:12:10]} 19. Ne2 {[%emt 0:01:35]} Qe7 {[%emt 0:02:17]} 20. f4 {[%emt 0:07:51]} Rad8 {[%emt 0:04:01]} 21. Ng1 {[%emt 0:12:46]} f5 {[%emt 0:03:21]} 22. exf5 {[%emt 0:02:58]} exf5 {[%emt 0:01:35]} 23. d4 {[%emt 0:02:01]} Rfe8 {[%emt 0:03:57]} 24. Rfe1 {[%emt 0:00:52]} Qf8 {[%emt 0:07:39]} 25. Qf2 {[%emt 0:07:04]} Ne6 {[%emt 0:03:30]} 26. Nf3 {[%emt 0:00:42]} cxd4 {[%emt 0:00:11]} 27. Nxd4 {[%emt 0:06:28]} Nc5 {[%emt 0:00:02]} 28. Bd5+ Kh8 29. Rcd1 {[%emt 0:01:26]} Qf6 {[%emt 0:03:55]} 30. Qg2 {[%emt 0:06:27]} Rc8 {[%emt 0:03:10]} 31. b3 {[%emt 0:06:54]} Ne4 {[%emt 0:02:09]} 32. Nf3 {[%emt 0:08:07]} Nc3 {[%emt 0:02:25]} 33. Rd2 {[%emt 0:03:22]} h6 {[%emt 0:02:18]} 34. Bd4 {[%emt 0:01:27]} Qf8 {[%emt 0:00:11]} 35. Rxe8 {[%emt 0:02:28]} Rxe8 {[%emt 0:00:10]} 36. Nh4 {[%emt 0:01:41]} Kh7 {[%emt 0:00:52]} 37. Bb6 {[%emt 0:00:37]} a4 {[%emt 0:05:30]} 38. Ba5 {[%emt 0:03:24]} axb3 39. axb3 {[%emt 0:01:53]} Re3 {[%emt 0:05:01]} 40. Bxb4 {[%emt 0:01:24]} Nxd5 {[%emt 0:03:21]} 41. Qxd5 {[%emt 0:00:45]} Qe8 {[%emt 0:04:41]} 42. Rf2 {[%emt 0:09:17]} Bc6 {[%emt 0:03:16]} 43. Qd2 {[%emt 0:00:18]} Qe4 {[%emt 0:01:13]} 44. Ng2 {[%emt 0:01:22]} Rxb3 {[%emt 0:00:08]} 45. Bxd6 {[%emt 0:01:30]} Rb2 {[%emt 0:01:24]} 46. Qxb2 {[%emt 0:00:21]} Bxb2 {[%emt 0:00:02]} 47. Rxb2 {[%emt 0:00:01]} Qxc4 {[%emt 0:00:36]} 48. Be5 {[%emt 0:00:37]} Kg8 {[%emt 0:00:56]} 49. Rd2 {[%emt 0:01:31]} Kf7 {[%emt 0:00:31]} 50. h4 {[%emt 0:00:43]} Qe4 {[%emt 0:01:14]} 51. Rb2 {[%emt 0:00:49]} g5 {[%emt 0:01:56]} 52. hxg5 {[%emt 0:00:33]} hxg5 {[%emt 0:00:02]} 53. Rd2 {[%emt 0:00:30]} Kg6 {[%emt 0:01:27]} 54. Rd6+ {[%emt 0:00:52]} Kh5 {[%emt 0:00:22]} 55. Rxc6 {[%emt 0:00:23]} Qxc6 {[%emt 0:00:32]} 56. fxg5 {[%emt 0:00:09]} Kxg5 {[%emt 0:00:20]} 57. Ne3 {[%emt 0:00:17]} Qe4 {[%emt 0:00:27]} 58. Bf4+ {[%emt 0:00:05]} Kf6 {[%emt 0:00:38]} 59. Ng2 {[%emt 0:00:29]} Qe2 {[%emt 0:00:11]} 60. Kh3 {[%emt 0:00:18]} Ke6 {[%emt 0:00:53]} 61. Nh4 {[%emt 0:00:13]} Qe4 {[%emt 0:00:40]} 62. Kh2 {[%emt 0:00:15]} Kd5 {[%emt 0:00:07]} 63. Kg1 {[%emt 0:00:39]} Kc4 {[%emt 0:00:29]} 64. Ng2 {[%emt 0:01:12]} Kd3 {[%emt 0:00:29]} 65. Kf2 {[%emt 0:00:52]} Qe2+ {[%emt 0:00:54]} 66. Kg1 {[%emt 0:00:02]} Ke4 {[%emt 0:00:26]} 67. Nh4 {[%emt 0:00:06]} Qe1+ {[%emt 0:00:53]} 68. Kg2 {[%emt 0:00:05]} Qb1 {[%emt 0:00:26]} 69. Ng6 {[%emt 0:00:29]} Qc2+ {[%emt 0:00:41]} 70. Kg1 {[%emt 0:00:21]} Qd1+ {[%emt 0:00:41]} 71. Kg2 {[%emt 0:00:30]} Qe2+ {[%emt 0:00:15]} 72. Kg1 {[%emt 0:00:22]} Qe1+ {[%emt 0:01:51]} 73. Kg2 {[%emt 0:00:20]} Kd3 {[%emt 0:00:09]} 74. Nh4 {[%emt 0:00:37]} Qe2+ {[%emt 0:00:50]} 75. Kh3 {[%emt 0:00:29]} Qg4+ {[%emt 0:00:32]} 76. Kg2 {[%emt 0:00:23]} Ke2 {[%emt 0:00:03]} 77. Kg1 {[%emt 0:00:20]} Qh3 {[%emt 0:00:55]} 78. Ng2 {[%emt 0:00:23]} Qh8 {[%emt 0:00:35]} 79. Nh4 {[%emt 0:00:25]} Qd4+ {[%emt 0:00:30]} 80. Kh2 {[%emt 0:00:52]} Qf2+ {[%emt 0:00:27]} 81. Kh3 {[%emt 0:00:19]} Qf1+ {[%emt 0:00:11] Kg2 Qe1 Kg1 Kd3+ Kg2 Kd4} 0-1

[Event "19th IPCA WCC 2019"]
[Site "Ruzomberok"]
[Date "2019.07.05"]
[Round "8.3"]
[White "Valenta, Vit"]
[Black "Babula, Milan"]
[Result "1-0"]
[WhiteElo "2147"]
[BlackElo "2220"]
[Annotator "NA"]
[PlyCount "113"]
[EventDate "2019.06.28"]
[EventType "swiss"]
[EventCountry "SVK"]
[SourceTitle "playchess.com"]
[Source "ChessBase"]
[SourceQuality "1"]
[TimeControl "5400+30"]

1. e4 {[%emt 0:00:00]} e6 {[%emt 0:00:00]} 2. d4 {[%emt 0:00:00]} d5 {[%emt 0:00:00]} 3. Nc3 {[%emt 0:00:02]} Bb4 {[%emt 0:00:00]} 4. e5 {[%emt 0:00:37]} c5 {[%emt 0:00:00]} 5. a3 {[%emt 0:00:06]} Ba5 {[%emt 0:00:04]} 6. dxc5 {[%emt 0:02:19]} Bxc3+ {[%emt 0:00:55]} 7. bxc3 {[%emt 0:00:03]} Ne7 {[%emt 0:01:53]} 8. Be3 {[%emt 0:03:56]} Nd7 {[%emt 0:01:36]} 9. Qg4 {[%emt 0:02:39]} O-O {[%emt 0:04:18]} 10. Nf3 {[%emt 0:01:34]} Ng6 {[%emt 0:40:03]} 11. Bd3 {[%emt 0:01:01]} Ndxe5 {[%emt 0:01:29]} 12. Nxe5 {[%emt 0:00:50]} Nxe5 {[%emt 0:00:01]} 13. Bxh7+ {[%emt 0:00:44]} Kxh7 {[%emt 0:00:04]} 14. Qh5+ {[%emt 0:00:09]} Kg8 {[%emt 0:00:00]} 15. Qxe5 {[%emt 0:00:12]} f6 {[%emt 0:00:02]} 16. Qh5 {[%emt 0:01:46]} Qa5 {[%emt 0:02:00]} 17. O-O {[%emt 0:00:15]} Qxc3 {[%emt 0:05:34]} 18. Qg6 {[%emt 0:03:06]} Rf7 {[%emt 0:02:18]} 19. Rad1 {[%emt 0:01:09]} Bd7 {[%emt 0:02:37]} 20. Rd4 {[%emt 0:04:25]} Kf8 {[%emt 0:18:36]} 21. Rh4 {[%emt 0:06:54]} Ke7 {[%emt 0:00:03]} 22. Bd4 {[%emt 0:15:54]} Qa5 {[%emt 0:02:03]} 23. Rb1 {[%emt 0:02:55]} Bc6 {[%emt 0:00:21]} 24. Rh7 {[%emt 0:02:43]} Rg8 {[%emt 0:00:22]} 25. f4 {[%emt 0:01:49]} Qc7 {[%emt 0:00:55]} 26. g3 {[%emt 0:03:10]} Kd8 {[%emt 0:03:08]} 27. Re1 {[%emt 0:00:54]} Qd7 {[%emt 0:01:46]} 28. h4 {[%emt 0:01:45]} Kc8 {[%emt 0:04:28]} 29. h5 {[%emt 0:01:13]} Rgf8 {[%emt 0:00:41]} 30. h6 {[%emt 0:08:41]} gxh6 {[%emt 0:00:15]} 31. Rxf7 {[%emt 0:00:44]} Qxf7 {[%emt 0:01:39]} 32. Qxf7 {[%emt 0:01:05]} Rxf7 {[%emt 0:00:00]} 33. Rxe6 {[%emt 0:00:14]} f5 {[%emt 0:03:49]} 34. Rxh6 {[%emt 0:01:03]} Ba4 {[%emt 0:00:13]} 35. c3 {[%emt 0:01:24]} Bc2 {[%emt 0:00:22]} 36. Be5 {[%emt 0:02:51]} Be4 {[%emt 0:00:29]} 37. Kf2 {[%emt 0:01:25]} Re7 {[%emt 0:02:26]} 38. Ke3 {[%emt 0:01:06]} Kd7 {[%emt 0:00:01]} 39. Kd4 {[%emt 0:00:44]} Re6 {[%emt 0:00:32]} 40. Rh7+ {[%emt 0:00:55]} Re7 {[%emt 0:00:02]} 41. Rh2 {[%emt 0:01:18]} Kc6 {[%emt 0:02:27]} 42. a4 {[%emt 0:00:52]} Kd7 {[%emt 0:00:40]} 43. Bf6 {[%emt 0:02:57]} Rf7 {[%emt 0:00:59]} 44. Rh6 {[%emt 0:00:50]} Ke6 {[%emt 0:01:43]} 45. Be5+ {[%emt 0:00:35]} Kd7 {[%emt 0:00:02]} 46. a5 {[%emt 0:01:40]} a6 {[%emt 0:00:10]} 47. Rb6 {[%emt 0:01:19]} Kd8 {[%emt 0:01:38]} 48. c6 {[%emt 0:00:37]} bxc6 {[%emt 0:00:26]} 49. Rxa6 {[%emt 0:00:26]} Rb7 {[%emt 0:00:33]} 50. Rxc6 {[%emt 0:01:05]} Kd7 {[%emt 0:00:11]} 51. Rd6+ {[%emt 0:00:59]} Ke7 {[%emt 0:00:20]} 52. Rb6 {[%emt 0:00:58]} Ra7 {[%emt 0:00:34]} 53. a6 {[%emt 0:00:12]} Kd8 {[%emt 0:00:01]} 54. Bb8 {[%emt 0:00:21]} Ra8 {[%emt 0:00:43]} 55. a7 {[%emt 0:00:08]} Kc8 {[%emt 0:00:14]} 56. Rg6 {[%emt 0:00:44]} Kd7 {[%emt 0:00:08] Kxe4} 57. Kc5 {[%emt 0:00:31]} 1-0

[Event "19th IPCA WCC 2019"]
[Site "Ruzomberok"]
[Date "2019.07.05"]
[Round "8.4"]
[White "Nowak, Lukasz"]
[Black "Gurbanov, Andrei"]
[Result "0-1"]
[WhiteElo "2267"]
[BlackElo "2300"]
[Annotator "NA"]
[PlyCount "68"]
[EventDate "2019.06.28"]
[EventType "swiss"]
[EventCountry "SVK"]
[SourceTitle "playchess.com"]
[Source "ChessBase"]
[SourceQuality "1"]
[TimeControl "5400+30"]

1. e4 {[%emt 0:00:00]} d5 {[%emt 0:00:00]} 2. exd5 {[%emt 0:00:00]} Qxd5 {[%emt 0:00:00]} 3. Nc3 {[%emt 0:00:00]} Qd8 {[%emt 0:00:00]} 4. d4 {[%emt 0:00:32]} Nf6 {[%emt 0:00:00]} 5. Nf3 {[%emt 0:01:19]} Bg4 {[%emt 0:00:57]} 6. h3 {[%emt 0:00:11]} Bxf3 {[%emt 0:00:07]} 7. Qxf3 {[%emt 0:00:07]} c6 {[%emt 0:00:08]} 8. Bf4 {[%emt 0:01:25]} e6 {[%emt 0:02:23]} 9. O-O-O {[%emt 0:00:45]} Nbd7 {[%emt 0:01:23]} 10. Kb1 {[%emt 0:03:35]} Be7 {[%emt 0:02:19]} 11. Bd3 {[%emt 0:02:33]} Nd5 {[%emt 0:00:26]} 12. Nxd5 {[%emt 0:03:27]} cxd5 {[%emt 0:00:03]} 13. g4 {[%emt 0:00:13]} O-O {[%emt 0:03:41]} 14. h4 {[%emt 0:01:23]} Nb6 {[%emt 0:02:39]} 15. g5 {[%emt 0:01:24]} Na4 {[%emt 0:01:37]} 16. Bc1 {[%emt 0:09:20]} Qb6 {[%emt 0:02:42]} 17. Ka1 {[%emt 0:01:37]} Rac8 {[%emt 0:00:47]} 18. Qh5 {[%emt 0:07:23]} g6 {[%emt 0:00:05]} 19. Qg4 {[%emt 0:00:09]} f5 {[%emt 0:08:47]} 20. gxf6 {[%emt 0:03:33]} Bxf6 {[%emt 0:00:23]} 21. c3 {[%emt 0:03:46]} Bg7 {[%emt 0:04:18]} 22. Rh2 {[%emt 0:11:41]} e5 {[%emt 0:18:18]} 23. dxe5 {[%emt 0:01:52]} Bxe5 {[%emt 0:00:59]} 24. f4 {[%emt 0:00:35]} Bg7 {[%emt 0:00:25]} 25. f5 {[%emt 0:07:41]} Qa5 {[%emt 0:27:05]} 26. fxg6 {[%emt 0:08:39]} h6 {[%emt 0:08:02]} 27. Re2 {[%emt 0:17:57]} Rxc3 {[%emt 0:06:40]} 28. Re7 {[%emt 0:01:36]} Rxc1+ {[%emt 0:04:37]} 29. Rxc1 {[%emt 0:00:09]} Bxb2+ {[%emt 0:00:02]} 30. Kb1 {[%emt 0:00:09]} Qb6 {[%emt 0:00:32]} 31. Qxa4 {[%emt 0:02:53]} Bxc1+ {[%emt 0:01:19]} 32. Qb5 {[%emt 0:00:18]} Qxb5+ {[%emt 0:00:30]} 33. Bxb5 {[%emt 0:00:05]} Ba3 {[%emt 0:00:04]} 34. Bd7 {[%emt 0:01:21]} Bxe7 {[%emt 0:00:07]} 0-1

[Event "19th IPCA WCC 2019"]
[Site "Ruzomberok"]
[Date "2019.07.05"]
[Round "8.5"]
[White "Obodchuk, Andrei"]
[Black "Lipilin, Ilia"]
[Result "1/2-1/2"]
[WhiteElo "2316"]
[BlackElo "2084"]
[Annotator "NA"]
[PlyCount "172"]
[EventDate "2019.06.28"]
[EventType "swiss"]
[EventCountry "SVK"]
[SourceTitle "playchess.com"]
[Source "ChessBase"]
[SourceQuality "1"]
[TimeControl "5400+30"]

1. Nf3 {[%emt 0:00:00]} d5 {[%emt 0:00:00]} 2. c4 {[%emt 0:00:00]} dxc4 {[%emt 0:00:09]} 3. e3 {[%emt 0:00:02]} Nf6 {[%emt 0:00:09]} 4. Bxc4 {[%emt 0:00:06]} e6 {[%emt 0:00:08]} 5. O-O {[%emt 0:00:39]} c5 {[%emt 0:00:27]} 6. b3 {[%emt 0:00:11]} Be7 {[%emt 0:00:10]} 7. Bb2 {[%emt 0:00:13]} O-O {[%emt 0:00:08]} 8. d4 {[%emt 0:00:47]} Nc6 {[%emt 0:00:20]} 9. Qe2 {[%emt 0:02:30]} cxd4 {[%emt 0:02:48]} 10. Nxd4 {[%emt 0:01:01]} Bd7 {[%emt 0:00:41]} 11. Nf3 {[%emt 0:01:08]} a6 {[%emt 0:04:33]} 12. Nbd2 {[%emt 0:02:50]} b5 {[%emt 0:03:17]} 13. Bd3 {[%emt 0:00:02]} Nb4 {[%emt 0:00:31]} 14. Bb1 {[%emt 0:00:03]} Rc8 {[%emt 0:00:37]} 15. a3 {[%emt 0:03:08]} Nbd5 {[%emt 0:00:33]} 16. Qd3 {[%emt 0:02:19]} Bc6 {[%emt 0:05:14]} 17. Ne5 {[%emt 0:00:39]} Nb6 {[%emt 0:03:02]} 18. Nxc6 {[%emt 0:01:47]} Rxc6 {[%emt 0:00:13]} 19. Qe2 {[%emt 0:12:27]} Nfd5 {[%emt 0:06:36]} 20. Nf3 {[%emt 0:06:09]} Bf6 {[%emt 0:01:28]} 21. Nd4 {[%emt 0:00:41]} Rc8 {[%emt 0:00:38]} 22. Qd2 {[%emt 0:06:35]} g6 {[%emt 0:03:29]} 23. Be4 {[%emt 0:01:32]} Bg7 {[%emt 0:02:18]} 24. Rac1 {[%emt 0:00:46]} Qd7 {[%emt 0:00:57]} 25. Qa5 {[%emt 0:06:40]} Qb7 {[%emt 0:02:34]} 26. g3 {[%emt 0:02:06]} Nd7 {[%emt 0:06:41]} 27. Qd2 {[%emt 0:01:33]} Rxc1 {[%emt 0:02:29]} 28. Rxc1 {[%emt 0:00:20]} Rc8 {[%emt 0:00:06]} 29. Rd1 {[%emt 0:04:45]} Qb6 {[%emt 0:09:50]} 30. Bg2 {[%emt 0:01:27]} Ne5 {[%emt 0:06:58]} 31. Ne2 {[%emt 0:02:21]} Ne7 {[%emt 0:01:02]} 32. Bd4 {[%emt 0:00:36]} Qc7 {[%emt 0:01:09]} 33. Qb2 {[%emt 0:04:29]} Qc2 {[%emt 0:02:09]} 34. Rd2 {[%emt 0:05:08]} Qxb2 {[%emt 0:00:37]} 35. Bxb2 {[%emt 0:00:09]} N5c6 {[%emt 0:08:05]} 36. Bxg7 {[%emt 0:01:08]} Kxg7 {[%emt 0:00:03]} 37. f4 {[%emt 0:02:06]} Na5 {[%emt 0:02:40]} 38. Rb2 {[%emt 0:03:33]} Rd8 {[%emt 0:01:15]} 39. Nd4 {[%emt 0:00:32]} Nf5 {[%emt 0:00:28]} 40. Nxf5+ {[%emt 0:00:08]} gxf5 {[%emt 0:01:06]} 41. Bf1 {[%emt 0:03:18]} Rd1 {[%emt 0:01:42]} 42. Kf2 {[%emt 0:00:17]} Ra1 {[%emt 0:00:39]} 43. a4 {[%emt 0:00:11]} bxa4 {[%emt 0:00:54]} 44. bxa4 {[%emt 0:00:01]} Rxa4 {[%emt 0:00:24]} 45. Bxa6 {[%emt 0:01:26]} Ra3 {[%emt 0:00:31]} 46. h3 {[%emt 0:00:42]} Nb3 {[%emt 0:00:19]} 47. Be2 {[%emt 0:01:02]} Nc1 {[%emt 0:00:26]} 48. g4 {[%emt 0:00:38]} fxg4 {[%emt 0:00:08]} 49. hxg4 {[%emt 0:00:02]} Kg6 {[%emt 0:00:42]} 50. Kf3 {[%emt 0:00:50]} Nxe2 {[%emt 0:00:08]} 51. Rxe2 {[%emt 0:00:14]} Ra5 {[%emt 0:00:52]} 52. Rb2 {[%emt 0:00:17]} h5 {[%emt 0:01:02]} 53. g5 {[%emt 0:00:10]} Ra1 {[%emt 0:00:10]} 54. Rb8 {[%emt 0:00:14]} Kg7 {[%emt 0:00:08]} 55. Rb3 {[%emt 0:00:55]} Kg6 {[%emt 0:02:32]} 56. e4 {[%emt 0:00:56]} Rf1+ {[%emt 0:00:20]} 57. Kg3 {[%emt 0:00:47]} e5 {[%emt 0:01:15]} 58. Rb6+ {[%emt 0:00:13]} Kg7 {[%emt 0:00:01]} 59. fxe5 {[%emt 0:00:36]} Rg1+ {[%emt 0:00:23]} 60. Kf4 {[%emt 0:00:33]} Rf1+ {[%emt 0:00:05]} 61. Ke3 {[%emt 0:00:17]} Rg1 {[%emt 0:00:12]} 62. e6 {[%emt 0:03:17]} fxe6 {[%emt 0:00:10]} 63. Rxe6 {[%emt 0:01:13]} Rxg5 {[%emt 0:00:11]} 64. Kf4 {[%emt 0:00:08]} Ra5 {[%emt 0:02:50]} 65. e5 {[%emt 0:00:24]} Ra4+ {[%emt 0:02:08]} 66. Kf5 {[%emt 0:00:10]} h4 {[%emt 0:00:45]} 67. Rg6+ {[%emt 0:00:16]} Kf7 {[%emt 0:00:37]} 68. Rb6 {[%emt 0:00:22]} Ra1 {[%emt 0:00:41]} 69. Rb7+ {[%emt 0:00:09]} Kf8 {[%emt 0:00:32]} 70. Rh7 {[%emt 0:00:47]} Rh1 {[%emt 0:00:07]} 71. Kf6 {[%emt 0:00:14]} Rf1+ {[%emt 0:00:25]} 72. Ke6 {[%emt 0:00:03]} Rh1 {[%emt 0:00:21]} 73. Rf7+ {[%emt 0:00:48]} Kg8 {[%emt 0:00:07]} 74. Rf2 {[%emt 0:00:58]} h3 {[%emt 0:00:38]} 75. Ke7 {[%emt 0:00:04]} h2 {[%emt 0:01:31]} 76. e6 {[%emt 0:00:07]} Kg7 {[%emt 0:00:05]} 77. Rg2+ {[%emt 0:00:06]} Kh7 {[%emt 0:01:48]} 78. Ke8 {[%emt 0:00:06]} Kh6 {[%emt 0:00:09]} 79. e7 {[%emt 0:00:06]} Kh7 {[%emt 0:00:08]} 80. Rd2 {[%emt 0:00:15]} Kg7 {[%emt 0:01:06]} 81. Kd8 {[%emt 0:00:29]} Ra1 {[%emt 0:01:27]} 82. Rg2+ {[%emt 0:02:04]} Kf6 {[%emt 0:00:13]} 83. Rg6+ {[%emt 0:00:57]} Kf5 {[%emt 0:00:19]} 84. Rh6 {[%emt 0:00:10]} Rd1+ {[%emt 0:00:22]} 85. Kc7 {[%emt 0:00:15]} Rc1+ {[%emt 0:00:37]} 86. Kd7 {[%emt 0:01:58]} Rd1+ {[%emt 0:00:08]} 1/2-1/2

[Event "19th IPCA WCC 2019"]
[Site "Ruzomberok"]
[Date "2019.07.05"]
[Round "8.6"]
[White "Shashikant, Kutwal"]
[Black "Alekseev, Mikhail"]
[Result "1-0"]
[WhiteElo "2176"]
[BlackElo "1869"]
[Annotator "NA"]
[PlyCount "59"]
[EventDate "2019.06.28"]
[EventType "swiss"]
[EventCountry "SVK"]
[SourceTitle "playchess.com"]
[Source "ChessBase"]
[SourceQuality "1"]
[TimeControl "5400+30"]

1. e4 {[%emt 0:00:00]} c6 {[%emt 0:00:00]} 2. d4 {[%emt 0:00:04]} d5 {[%emt 0:00:00]} 3. e5 {[%emt 0:00:18]} a6 {[%emt 0:00:17]} 4. Bd3 {[%emt 0:05:48]} c5 {[%emt 0:01:37]} 5. dxc5 {[%emt 0:01:46]} Nc6 {[%emt 0:00:37]} 6. f4 {[%emt 0:02:55]} Nb4 {[%emt 0:05:49]} 7. Nf3 {[%emt 0:12:55]} Bg4 {[%emt 0:03:20]} 8. c3 {[%emt 0:07:30]} Nxd3+ {[%emt 0:06:34]} 9. Qxd3 {[%emt 0:00:03]} e6 {[%emt 0:00:27]} 10. b4 {[%emt 0:02:17]} Bf5 {[%emt 0:05:41]} 11. Qe2 {[%emt 0:00:55]} b6 {[%emt 0:00:44]} 12. cxb6 {[%emt 0:03:47]} Qxb6 {[%emt 0:00:23]} 13. Be3 {[%emt 0:01:20]} Qc7 {[%emt 0:03:09]} 14. O-O {[%emt 0:01:23]} Nh6 {[%emt 0:01:14]} 15. Bd4 {[%emt 0:03:43]} Bxb1 {[%emt 0:01:05]} 16. Rfxb1 {[%emt 0:01:52]} Be7 {[%emt 0:00:43]} 17. b5 {[%emt 0:03:16]} O-O {[%emt 0:01:53]} 18. a4 {[%emt 0:02:56]} Nf5 {[%emt 0:00:47]} 19. b6 {[%emt 0:01:39]} Qc6 {[%emt 0:00:27]} 20. a5 {[%emt 0:00:39]} Bc5 {[%emt 0:02:00]} 21. Qf2 {[%emt 0:02:54]} Bxd4 {[%emt 0:00:31]} 22. cxd4 {[%emt 0:00:17]} Rac8 {[%emt 0:01:01]} 23. Qd2 {[%emt 0:05:17]} Rfd8 {[%emt 0:01:53]} 24. Rc1 {[%emt 0:03:04]} Qb7 {[%emt 0:00:22]} 25. Rxc8 {[%emt 0:00:15]} Rxc8 {[%emt 0:00:11]} 26. Rc1 {[%emt 0:00:27]} Ne7 {[%emt 0:00:24]} 27. Rxc8+ {[%emt 0:00:47]} Qxc8 {[%emt 0:00:19]} 28. Qb2 {[%emt 0:03:40]} Nc6 {[%emt 0:00:58]} 29. Qc3 {[%emt 0:03:24]} h6 {[%emt 0:00:56]} 30. Ne1 {[%emt 0:03:24]} 1-0